PARTHA'S MANAGEMENT AALGORITHMSIN PEDIATRIC AND ADOLOSCENT PRACTICE (Record no. 34742)

MARC details
000 -LEADER
fixed length control field 00455nam a22001577a 4500
003 - CONTROL NUMBER IDENTIFIER
control field SGT
020 ## - INTERNATIONAL STANDARD BOOK NUMBER
International Standard Book Number 9789352703838
082 ## - DEWEY DECIMAL CLASSIFICATION NUMBER
Classification number 618.92
Item number P18P
100 ## - MAIN ENTRY--PERSONAL NAME
Personal name PARTHASARATHY,A,ed.
245 ## - TITLE STATEMENT
Title PARTHA'S MANAGEMENT AALGORITHMSIN PEDIATRIC AND ADOLOSCENT PRACTICE
260 ## - PUBLICATION, DISTRIBUTION, ETC. (IMPRINT)
Place of publication, distribution, etc NEW DELHI
Name of publisher, distributor, etc JAYPEE. BRO.PUB.
Year of Publication 2018
300 ## - PAGE DESCRIPTION
No. of Pages 350
650 ## - SUBJECT ADDED ENTRY--TOPICAL TERM
Topical term or geographic name as entry element PEDIATRIC
653 ## - KEYWORDS--INDEX TERM
Keyword term PARTHA'S, MANAGEMENT, AALGORITHMSIN, PEDIATRIC, ADOLOSCENT, PRACTICE
942 ## - ADDED ENTRY ELEMENTS (KOHA)
Source of classification or shelving scheme Dewey Decimal Classification
Koha item type Books
Holdings
Withdrawn status Lost status Source of classification or shelving scheme Damaged status Use restrictions Not for loan Collection code Home library Current library Shelving location Date acquired Vendor Name Cost, normal purchase price SGTU Bill Number Total Checkouts Full call number Accession No. (Barcode) Date last seen Bill Date Koha item type
    Dewey Decimal Classification   Restricted Access   AYURVEDA SGT FA-FP Library SGT FA-FP Library Reference Book 30/04/2026 ABC PVT. LTD. 2925.00 SGTU 22849   618.92 P18P FA13451 30/04/2026 08/04/2026 Books
    Dewey Decimal Classification   Restricted Access   AYURVEDA SGT FA-FP Library SGT FA-FP Library Reference Book 30/04/2026 ABC PVT. LTD. 2925.00 SGTU 22849   618.92 P18P FA13452 30/04/2026 08/04/2026 Books